000 00617nam a22001937a 4500
999 _c15203
_d15203
003 OSt
082 _2631.587 ANU/WA
088 _aP 134
100 _aANU N
_92759
245 _aWater requirement of coconut in tropical monsoon climate
260 _aTavanur 2003
_bKelappaji College of Agricultural Engineering and Technology
300 _a74
500 _aWater requirement of coconut in tropical monsoon climate
520 _aWater requirement of coconut in tropical monsoon climate
700 _aPrincy G
_92760
700 _aSreekumar M
_92761
700 _aEr. V. M Abdul Hakkim (Guide)
_92752
942 _cPR